000 nam a22 7a 4500
999 _c9192
_d9192
008 180124b ||||| |||| 00| 0 eng d
100 _aLaw.J.
_92972
245 _aOxford Language Reference
260 _aNewyork
_bOxford University
_c2008